| 000 | 00445nam a2200169 i 4500 | ||
|---|---|---|---|
| 001 | 132899 | ||
| 003 | ES-MaACL | ||
| 005 | 20230906194255.0 | ||
| 007 | t| | ||
| 008 | 070214s1906 fr r ||||1| fre d | ||
| 080 | _a821.133.1-31"19" | ||
| 100 | 1 |
_aRosny, J. -H. _999792 |
|
| 245 | 1 | 0 |
_aSous le fardeau _b: roman social / _cJ.-H. Rosny. |
| 260 |
_aParis : _bPlon Nourrit, _c1906. |
||
| 300 |
_a388 p. ; _c19 cm. |
||
| 852 |
_aES-MaACL _jF-2534 |
||
| 999 |
_c132899 _d132899 |
||